[Event "Mechanics' Spring TNM; 30/90, SD/30"]
[Site "San Francisco"]
[Date "2013.04.23"]
[Round "6.38"]
[White "Otterbach, Renate"]
[Black "Harris, Clarence"]
[Result "0-1"]
[WhiteElo "899"]
[BlackElo "1382"]
[PlyCount "72"]
[EventDate "2013.??.??"]

1. d4 Nf6 2. c4 g6 3. Nc3 Bg7 4. e4 d6 5. Nf3 O-O 6. Be2 e5 7. d5 a5 8. a4 Na6
9. Be3 h6 10. h3 Bd7 11. Qd2 Kh7 12. b3 Ne8 13. g4 Nc5 14. Rb1 Qc8 15. Nh2 g5
$2 (15... f5) 16. h4 $1 (16. Nf1 {
intending Ng3 eyeing f5 - weakened by 15...g5? - is also good.}) 16... Nf6 17.
Bf3 (17. Bxc5 dxc5 18. hxg5 Nxg4 19. Nxg4 Bxg4 20. gxh6 $16) 17... gxh4 18. Rg1
Ng8 19. g5 hxg5 $6 (19... Qd8) 20. Rxg5 Nf6 $2 (20... Ne7) 21. Ke2 $2 (21.
Rxg7+ Kxg7 22. Bxc5 dxc5 23. Qg5+ $18) 21... Bh6 22. Rbg1 (22. Rh5 $1 Nxh5 23.
Bxh6 Nf4+ 24. Bxf4 exf4 25. Qxf4 $11) 22... Bxg5 23. Rxg5 Nxb3 $19 24. Qd1 Rg8
$2 (24... Nd4+ $19) 25. Qxb3 Rxg5 26. Bxg5 Kg6 27. Bxh4 Qh8 28. Bxf6 Kxf6 29.
Ng4+ Bxg4 30. Bxg4 Qh4 31. f3 Qh2+ 32. Kd3 Qf2 33. Nb5 $4 (33. Qxb7 $16) 33...
Rh8 $1 34. c5 Rh2 35. cxd6 cxd6 $2 (35... Qf1+ 36. Kc3 Qc1+ 37. Kd3 Rd2+ 38.
Ke3 Qe1#) 36. Nxd6 $4 (36. Qd1 Qc5 $17) 36... Qd4# 0-1

[Event "Mechanics' Fall TNM; 30/90, SD/30"]
[Site "San Francisco"]
[Date "2013.12.17"]
[Round "9.30"]
[White "Otterbach, Renate"]
[Black "Harris, Clarence"]
[Result "0-1"]
[WhiteElo "865"]
[BlackElo "1314"]
[PlyCount "84"]
[EventDate "2013.??.??"]

1. d4 Nf6 2. Nf3 g6 3. Bg5 Bg7 4. e3 O-O 5. Bd3 d6 6. O-O Nc6 7. c3 e5 8. e4
exd4 9. cxd4 Qe8 10. Re1 Bg4 11. Nbd2 Nxd4 12. Re3 h6 13. Bh4 Nh5 14. h3 Nxf3+
15. Nxf3 Bd7 16. Rb1 Nf4 17. Bc4 Qc8 18. Nh2 h5 19. Bg5 Be5 20. Bxf4 Bxf4 21.
Rf3 Be5 22. Qb3 Be6 23. Bxe6 fxe6 24. Rxf8+ Kxf8 25. Nf3 Bf6 26. Qe3 (26. e5 $1
) 26... Kf7 27. Ne1 (27. e5) 27... Qh8 28. Qf3 Ke7 29. Nd3 g5 30. g4 (30. e5 $1
) 30... hxg4 31. hxg4 Rf8 32. Qd1 Bd4 33. Qb3 Qh3 34. Qxb7 Qxg4+ (34... Qg3+)
35. Kf1 Bb6 36. Rc1 Qh3+ 37. Ke1 Qxd3 38. Rxc7+ Bxc7 39. Qxc7+ Kf6 40. Qxa7 Rh8
41. f3 Rh2 42. Qg1 Qb1# 0-1

[Event "Mechanics' Fall TNM; 30/90, SD/30"]
[Site "San Francisco"]
[Date "2013.12.10"]
[Round "8.32"]
[White "Otterbach, Renate"]
[Black "Hilliard, Michael"]
[Result "0-1"]
[WhiteElo "865"]
[BlackElo "1400"]
[Annotator "Donaldson"]
[PlyCount "50"]
[EventDate "2013.??.??"]

1. d4 d5 2. e3 Nf6 3. Bd3 e6 4. f4 c5 5. b3 Nc6 6. Nf3 Bd6 7. O-O O-O 8. Nbd2
Nb4 9. Be2 Ng4 10. Ne5 $4 (10. Nb1 {was forced/}) 10... Nxe3 11. Qe1 Nbxc2 12.
Qg3 Nxf1 13. Bxf1 Nxa1 14. Bb2 Nc2 15. Kh1 Nxd4 16. Qh3 Qa5 17. Nef3 Bxf4 18.
Bd3 f5 19. Bc1 Qxa2 20. g3 Nxf3 21. gxf4 Nxd2 22. Qg2 Qxb3 23. Qxd2 c4 24. Bc2
Qf3+ 25. Kg1 Rf6 0-1

[Event "Mechanics' Summer TNM; 30/90, SD/30"]
[Site "San Francisco"]
[Date "2013.05.28"]
[Round "1.34"]
[White "Otterbach, Renate"]
[Black "Maser, Thomas"]
[Result "0-1"]
[WhiteElo "948"]
[BlackElo "1968"]
[PlyCount "52"]
[EventDate "2013.??.??"]

1. d4 Nf6 2. Nf3 e6 3. c4 Bb4+ 4. Bd2 Qe7 5. c5 Bxd2+ 6. Nbxd2 O-O 7. e3 a5 8.
Bd3 Nc6 9. a3 d6 10. O-O dxc5 11. Re1 cxd4 12. e4 e5 13. Nh4 Bg4 14. f3 Be6 15.
Nf5 Bxf5 16. exf5 Rad8 17. f4 Nd5 18. Ne4 f6 19. Qh5 Nxf4 20. Bc4+ Kh8 21. Qg4
b6 22. Rac1 d3 23. Re3 Qe8 24. Nc3 Qd7 25. Rd1 Qd4 26. Qxg7+ Kxg7 0-1

[Event "Mechanics' Fall TNM; 30/90, SD/30"]
[Site "San Francisco"]
[Date "2013.11.05"]
[Round "3.29"]
[White "Otterbach, Renate"]
[Black "McCarty-Snead, Callaghan"]
[Result "0-1"]
[WhiteElo "865"]
[BlackElo "1592"]
[PlyCount "64"]
[EventDate "2013.??.??"]

1. d4 d5 2. b3 Nf6 3. Bb2 c6 4. Nd2 Bf5 5. Ngf3 e6 6. Ne5 Nbd7 7. Ndf3 Ne4 8.
e3 Bb4+ 9. c3 Nxc3 10. Qd2 Nxa2 11. Qxb4 Nxb4 12. Rc1 Nxe5 13. Nxe5 Nc2+ 14.
Kd2 Qh4 15. g3 Qe7 16. Bg2 Nb4 17. Ba3 a5 18. Ra1 h6 19. Bf3 f6 20. Bh5+ Kd8
21. Nf7+ Kc7 22. Nxh8 Rxh8 23. Rhc1 b6 24. Be2 Kb7 25. Kd1 Ra8 26. Rc3 e5 27.
Rac1 Rc8 28. dxe5 Qxe5 29. Bxb4 axb4 30. Ra1 Qxc3 31. Ba6+ Kc7 32. Be2 Qxa1+
0-1

[Event "Mechanics' Winter TNM; 30/90, SD/30"]
[Site "San Francisco"]
[Date "2013.01.08"]
[Round "1.32"]
[White "Otterbach, Renate"]
[Black "McCarty-Snead, Callaghan"]
[Result "0-1"]
[WhiteElo "807"]
[BlackElo "1411"]
[Annotator "Donaldson"]
[PlyCount "40"]
[EventDate "2013.??.??"]

1. d4 d5 2. e3 Nf6 3. Nf3 c6 4. b3 Bg4 5. Bb2 Nbd7 6. Nbd2 e6 7. h3 Bh5 8. c4
Bb4 9. Qc2 Bg6 10. Bd3 Qc7 11. c5 Ne4 12. a3 Bxd2+ 13. Nxd2 Nxd2 14. Qxd2 Bxd3
15. Qxd3 Nf6 16. f4 $2 (16. O-O O-O 17. f3 $11) 16... Ne4 17. Qe2 $2 Ng3 18.
Qg4 Nxh1 19. Qxg7 O-O-O 20. Qxf7 $2 Qxf7 0-1

[Event "Mechanics' Spring TNM; 30/90, SD/30"]
[Site "San Francisco"]
[Date "2013.05.07"]
[Round "8.38"]
[White "Otterbach, Renate"]
[Black "Nyangar, Enkhmaa"]
[Result "0-1"]
[WhiteElo "899"]
[BlackElo "1564"]
[PlyCount "42"]
[EventDate "2013.??.??"]

1. d4 d5 2. e3 Nf6 3. Bd3 Nc6 4. Nd2 e5 5. c3 Bd6 6. f4 exf4 7. e4 O-O 8. Ngf3
Re8 9. O-O dxe4 10. Nxe4 Nxe4 11. Re1 Nf6 12. Rf1 Bg4 13. Qc2 Bxf3 14. gxf3 Ne7
15. Kh1 Ng6 16. Bd2 c5 17. c4 cxd4 18. c5 Bc7 19. Rg1 Qd5 20. Raf1 Ne5 21. Bc4
Nxc4 0-1

[Event "Mechanics' Spring TNM; 30/90, SD/30"]
[Site "San Francisco"]
[Date "2013.04.10"]
[Round "4"]
[White "Otterbach, Renate"]
[Black "Persidsky"]
[Result "0-1"]
[WhiteElo "899"]
[BlackElo "1826"]
[PlyCount "78"]
[EventDate "2013.??.??"]

1. d4 d5 2. Nf3 Nf6 3. b3 e6 4. Bb2 Bd6 5. e3 O-O 6. Bd3 Nbd7 7. Nbd2 c5 8. c3
b6 9. O-O Bb7 10. Re1 Ne4 11. Bc2 Rc8 12. c4 f5 13. Nxe4 fxe4 14. Ne5 cxd4 15.
exd4 Qc7 16. Qg4 Rf6 17. Re3 Nxe5 18. dxe5 Bxe5 19. Bxe5 Qxe5 20. Rd1 Rg6 21.
Qh4 Qf6 22. Qh5 d4 23. Rh3 Rh6 24. Qg4 d3 25. Rxh6 Qxh6 26. Bb1 Rf8 27. a4 Qf6
28. h4 Qxf2+ 29. Kh2 Qf4+ 30. Qxf4 Rxf4 31. b4 Rxh4+ 32. Kg3 Rh5 33. Kg4 Rf5
34. Ba2 Kf7 35. Bb3 Rf2 36. g3 Rb2 37. Rf1+ Ke7 38. Kg5 Rxb3 39. b5 d2 0-1

[Event "Mechanics' Summer TNM; 30/90, SD/30"]
[Site "San Francisco"]
[Date "2013.06.25"]
[Round "5.32"]
[White "Otterbach, Renate"]
[Black "Purland, Matthew"]
[Result "0-1"]
[WhiteElo "948"]
[BlackElo "1506"]
[PlyCount "110"]
[EventDate "2013.??.??"]

1. d4 Nf6 2. Nf3 g6 3. c4 Bg7 4. Nc3 O-O 5. e4 d6 6. Bd3 Bg4 7. Be3 Nbd7 8. h3
Bxf3 9. Qxf3 e5 10. d5 Qc8 11. b4 a5 12. Rb1 axb4 13. Rxb4 b6 14. O-O Nc5 15.
Bb1 Qd7 16. Bc2 Kh8 17. a4 Ng8 18. Ra1 Ne7 19. Qg3 f5 20. Qh4 fxe4 21. Bd1 Nf5
22. Qg5 Bh6 23. Qg4 Bxe3 24. fxe3 Nxe3 25. Qxd7 Rf1+ 26. Kh2 Nxd7 27. Rbb1 Nc5
28. Be2 Rxb1 29. Rxb1 Rf8 30. Nb5 Rf2 31. Nxc7 Rxg2+ 32. Kh1 Rxe2 33. Rxb6 Nxc4
34. Rb8+ Kg7 35. Ne6+ Nxe6 36. dxe6 Kf6 37. Re8 Rb2 38. e7 Rb7 39. Rc8 Kxe7 40.
Rxc4 d5 41. Rc5 Kd6 42. Rc8 Ra7 43. Rd8+ Kc5 44. Re8 Kd4 45. Rb8 Rxa4 46. Rb1
e3 47. Kg2 Ra2+ 48. Kf1 Rc2 49. Rb4+ Kd3 50. Rb3+ Kd2 51. Rb1 e2+ 52. Kf2 d4
53. Re1 d3 54. h4 e4 55. h5 e3+ 0-1

[Event "Mechanics' Neil Falconer TNM; 30/90, SD"]
[Site "San Francisco"]
[Date "2013.08.27"]
[Round "4.27"]
[White "Otterbach, Renate"]
[Black "Rakonitz, David"]
[Result "1/2-1/2"]
[WhiteElo "968"]
[BlackElo "1527"]
[Annotator "Donaldson"]
[PlyCount "99"]
[EventDate "2013.??.??"]

1. d4 Nf6 2. Nf3 e6 3. Bg5 Be7 4. e3 b6 5. Bd3 Bb7 6. c4 d5 7. Nc3 Nbd7 8. Rc1
c5 9. O-O O-O 10. Ne5 (10. cxd5 exd5 11. Qc2) 10... cxd4 11. exd4 dxc4 12. Bxc4
Ne4 13. Bxe7 Qxe7 14. Nxe4 Bxe4 15. Qg4 Nf6 16. Qh4 Qb7 17. f3 Bg6 18. Nxg6 (
18. Bb5) (18. Rc3) 18... hxg6 19. Bd3 Qd5 20. Rc4 Rad8 21. Re1 Qa5 22. a3 Qd2
23. Rc3 Qxb2 24. Rec1 Qd2 25. R1c2 Qe3+ 26. Qf2 Qxd4 27. Qxd4 Rxd4 28. Ba6 Rfd8
29. Rc8 Kh7 30. R8c7 Ra4 31. Bb5 Rxa3 32. R2c4 g5 33. Rxf7 a6 34. Ba4 b5 35.
Bc2+ Kh6 36. Rcc7 Rd2 $4 37. h3 $4 (37. Rxf6+) 37... Ra1+ (37... g4 38. hxg4
Kg5 39. Rxg7+ Kf4 40. Kh2 Rxf3) 38. Kh2 Nh5 39. Rc8 Rxc2 40. Rxc2 a5 41. Rc6
Nf4 42. Rcc7 Rd1 43. Rb7 Rd2 44. Rxb5 Rxg2+ 45. Kh1 Re2 46. Rxa5 Re1+ 47. Kh2
Re2+ 48. Kh1 Re1+ 49. Kh2 Re2+ 50. Kh1 1/2-1/2

[Event "Mechanics' Fall TNM; 30/90, SD/30"]
[Site "San Francisco"]
[Date "2013.10.22"]
[Round "1.23"]
[White "Otterbach, Renate"]
[Black "Sarafian, Greg"]
[Result "0-1"]
[WhiteElo "865"]
[BlackElo "1827"]
[PlyCount "51"]
[EventDate "2013.??.??"]

1. d4 Nf6 2. Nf3 d5 3. b3 c5 4. Bb2 Nc6 5. e3 Bg4 6. Nbd2 cxd4 7. exd4 e6 8. h3
Bh5 9. g4 Bg6 10. Nh4 Bd6 11. Nxg6 hxg6 12. Qf3 Qa5 13. a4 g5 14. O-O-O O-O-O
15. c4 Bf4 16. Bc3 Qb6 17. c5 Qxb3 18. Qd3 Ne4 19. Qb1 Qxc3+ 20. Qc2 Qa3+ 21.
Qb2 Qxb2+ 22. Kxb2 Bxd2 23. Rb1 Bc3+ 24. Kc2 Nxd4+ 25. Kd3 Nxf2+ 26. Kxc3 0-1

[Event "Mechanics' Fall TNM; 30/90, SD/30"]
[Site "San Francisco"]
[Date "2013.11.12"]
[Round "4.34"]
[White "Otterbach, Renate"]
[Black "Vichik, Adam"]
[Result "0-1"]
[WhiteElo "865"]
[BlackElo "1262"]
[PlyCount "50"]
[EventDate "2013.??.??"]

1. d4 e6 2. e3 Nf6 3. Bd3 d5 4. f4 c5 5. b3 Nc6 6. Nf3 Bd6 7. Ne5 Nd7 8. O-O
cxd4 9. exd4 Nxd4 10. Bb2 Bc5 11. Kh1 Qc7 12. c3 Nc6 13. Ba3 Ncxe5 14. fxe5
Qxe5 15. Qf3 O-O 16. Bc1 Nf6 17. Bf4 Qh5 18. Be5 Qxe5 19. c4 Qxa1 20. Nd2 Qe5
21. Qh3 Qe3 22. Qxe3 Bxe3 23. Nf3 Ng4 24. g3 Nf2+ 25. Kg2 Nxd3 0-1

[Event "Mechanics' Neil Falconer TNM; 30/90, SD"]
[Site "San Francisco"]
[Date "2013.08.13"]
[Round "2.14"]
[White "Otterbach, Renate"]
[Black "Zhao, Art"]
[Result "0-1"]
[WhiteElo "968"]
[BlackElo "2115"]
[Annotator "Donaldson"]
[PlyCount "34"]
[EventDate "2013.??.??"]

1. d4 d5 2. e3 e6 3. Bd3 c5 4. c3 Nc6 5. Nf3 Nf6 6. Nbd2 Bd6 7. O-O O-O 8. Re1
(8. dxc5 Bxc5 9. e4 Qc7 10. Qe2 h6) 8... e5 9. Nxe5 Bxe5 10. dxe5 Nxe5 11. Bc2
(11. Be2) 11... Bg4 12. Nf3 Re8 13. Ba4 Re6 14. Bb5 Ne4 15. Qc2 Nxf3+ 16. gxf3
Bxf3 17. Be2 Qg5+ 0-1

[Event "Mechanics' Winter TNM; 30/90, SD/30"]
[Site "San Francisco"]
[Date "2013.02.19"]
[Round "7.14"]
[White "Palmeri, Ralph"]
[Black "Hua, Arnold"]
[Result "0-1"]
[WhiteElo "1715"]
[BlackElo "2005"]
[PlyCount "94"]
[EventDate "2013.??.??"]

1. e4 c5 2. Nf3 d6 3. g3 Nc6 4. d3 g6 5. Bg2 Bg7 6. Nbd2 Nf6 7. c3 O-O 8. O-O
Rb8 9. a4 a6 10. Re1 b5 11. axb5 axb5 12. Nf1 b4 13. d4 bxc3 14. bxc3 cxd4 15.
cxd4 Bg4 16. h3 Bxf3 17. Bxf3 e5 18. d5 Nd4 19. Bg2 Nd7 20. Ba3 Nb6 21. Qd3 f5
22. f3 fxe4 23. fxe4 Na4 24. Nd2 Nc5 25. Bxc5 dxc5 26. Qc4 Rb2 27. Ra2 Qb6 28.
Rf1 Rxf1+ 29. Nxf1 Rxa2 30. Qxa2 c4 31. Kh2 Qc5 32. Nd2 Ne2 33. Nf3 Qf2 34.
Qxc4 Qxg3+ 35. Kh1 Nf4 36. d6+ Kf8 37. Qc8+ Kf7 38. Qc7+ Kg8 39. Qc8+ Bf8 40.
Qc4+ Kg7 41. Qf1 Bxd6 42. Ng1 Nd3 43. Ne2 Qh4 44. Bf3 Nf2+ 45. Kh2 Nxe4 46. Qg2
Ng5 47. Bd5 e4+ 0-1

[Event "Mechanics' Spring TNM; 30/90, SD/30"]
[Site "San Francisco"]
[Date "2013.04.16"]
[Round "5.26"]
[White "Palmeri, Ralph"]
[Black "James, Charles"]
[Result "1-0"]
[WhiteElo "1715"]
[BlackElo "1535"]
[PlyCount "47"]
[EventDate "2013.??.??"]

1. e4 e6 2. d4 d5 3. Nc3 Bb4 4. e5 c5 5. Nf3 Nc6 6. a3 Bxc3+ 7. bxc3 c4 8. Be2
Bd7 9. O-O f6 10. Bf4 g5 11. Bg3 Nh6 12. exf6 Qxf6 13. Bc7 Nf7 14. Nd2 O-O 15.
f4 Qe7 16. fxg5 e5 17. Nf3 Bg4 18. Bxe5 Nfxe5 19. dxe5 Nxe5 20. Qxd5+ Qe6 21.
Qxe6+ Bxe6 22. Nxe5 Rfe8 23. Bxc4 Bxc4 24. Nxc4 1-0

[Event "Mechanics' Winter TNM; 30/90, SD/30"]
[Site "San Francisco"]
[Date "2013.01.29"]
[Round "4.11"]
[White "Palmeri, Ralph"]
[Black "Jones, James"]
[Result "0-1"]
[WhiteElo "1715"]
[BlackElo "2007"]
[PlyCount "74"]
[EventDate "2013.??.??"]

1. d4 Nf6 2. Nf3 b6 3. e3 Bb7 4. Be2 e6 5. O-O Be7 6. Nbd2 O-O 7. b3 d6 8. Bb2
Nbd7 9. Rc1 c5 10. c3 Rc8 11. Bd3 e5 12. dxe5 Nxe5 13. Nxe5 dxe5 14. Qc2 Qd5
15. e4 Qd7 16. Be2 Rfd8 17. Rcd1 Qc6 18. Bf3 Rd7 19. Rfe1 Rcd8 20. Re2 c4 21.
Rde1 Ba6 22. b4 Bb5 23. h3 Ba4 24. Qc1 Rd3 25. Nf1 Bd1 26. Re3 Bxf3 27. gxf3
Nh5 28. Rxd3 Rxd3 29. Nh2 Nf4 30. Kh1 Nxh3 31. Qc2 Bh4 32. Rf1 Qd6 33. Bc1
Nxf2+ 34. Rxf2 Bxf2 35. Qxf2 Rd1+ 36. Kg2 Rxc1 37. Qe3 Rc2+ 0-1

[Event "Mechanics' Winter TNM; 30/90, SD/30"]
[Site "San Francisco"]
[Date "2013.01.22"]
[Round "3.11"]
[White "Palmeri, Ralph"]
[Black "LaCounte, Brendan"]
[Result "1/2-1/2"]
[WhiteElo "1715"]
[BlackElo "1974"]
[PlyCount "65"]
[EventDate "2013.??.??"]

1. d4 e6 2. c4 f5 3. Nf3 Nf6 4. Nc3 Bb4 5. Bd2 O-O 6. e3 b6 7. Be2 Bb7 8. Qb3
Bxc3 9. Bxc3 Ne4 10. Bb4 d6 11. Rc1 c5 12. Ba3 g5 13. d5 e5 14. Rd1 Nd7 15. Qc2
g4 16. Nd2 Nxd2 17. Rxd2 Qg5 18. g3 Rf6 19. b3 Re8 20. Bb2 Bc8 21. Bd3 Nf8 22.
Kd1 h5 23. h3 gxh3 24. Kc1 Rh6 25. Rdd1 Kf7 26. Kb1 Nh7 27. Rxh3 Nf6 28. Rh4
Ng4 29. Bc1 e4 30. Bf1 Qg6 31. Bb2 Ke7 32. Bg2 Kd8 33. Rdh1 1/2-1/2

[Event "Mechanics' Spring TNM; 30/90, SD/30"]
[Site "San Francisco"]
[Date "2013.05.07"]
[Round "8.31"]
[White "Palmeri, Ralph"]
[Black "McCarty-Snead, Callaghan"]
[Result "1-0"]
[WhiteElo "1715"]
[BlackElo "1485"]
[PlyCount "31"]
[EventDate "2013.??.??"]

1. e4 e5 2. Nf3 Nc6 3. Bb5 Bc5 4. c3 d6 $2 (4... Nf6 5. d4 exd4 6. cxd4 Bb4+ 7.
Nc3 (7. Bd2 Nxe4 8. Bxb4 Nxb4) 7... Nxe4) 5. d4 exd4 6. cxd4 Bb4+ 7. Nc3 (7.
Kf1 $1 Bd7 8. Qa4) 7... Bd7 8. O-O Nge7 9. Bg5 O-O 10. Qd3 a6 11. Ba4 Bxc3 12.
bxc3 h6 13. Bh4 b5 $6 (13... Nb4 $1 14. Qd1 Bxa4 15. Qxa4 Nbc6 $14) 14. Bc2 Na5
15. e5 d5 $4 (15... g6 $142) 16. Qh7# 1-0

[Event "Mechanics' Spring TNM; 30/90, SD/30"]
[Site "San Francisco"]
[Date "2013.04.16"]
[Round "5.19"]
[White "Persidsky, Andre"]
[Black "Bekhtur, Bayaraa"]
[Result "1-0"]
[WhiteElo "1826"]
[BlackElo "1649"]
[PlyCount "73"]
[EventDate "2013.??.??"]

1. d4 d5 2. c4 e6 3. Nc3 Nf6 4. e3 Be7 5. Nf3 O-O 6. Bd3 dxc4 7. Bxc4 c5 8. O-O
cxd4 9. exd4 Qc7 10. Qe2 a6 11. Bg5 b5 12. Bd3 Bb7 13. Rac1 Qa5 14. a3 Nbd7 15.
Ne5 Bd6 16. Nxd7 Nxd7 17. Ne4 Qb6 18. Be3 Bd5 19. Nc3 Qb8 20. Nxd5 exd5 21. h3
f5 22. Qc2 f4 23. Bxh7+ Kh8 24. Bd2 f3 25. g4 Bf4 26. Bf5 Qd6 27. Bxf4 Qxf4 28.
Bxd7 Qh6 29. Qc7 Ra7 30. Qc5 Rd8 31. g5 Qxg5+ 32. Bg4 Rf7 33. Kh1 Rf4 34. Rg1
Qh4 35. Qc7 Rdf8 36. Bf5 Qh6 37. Rg6 1-0

[Event "Mechanics' Spring TNM; 30/90, SD/30"]
[Site "San Francisco"]
[Date "2013.04.30"]
[Round "7.19"]
[White "Persidsky, Andre"]
[Black "Matchen, George"]
[Result "1-0"]
[WhiteElo "1826"]
[BlackElo "1668"]
[PlyCount "49"]
[EventDate "2013.??.??"]

1. d4 d5 2. Nf3 Nf6 3. Bf4 e6 4. e3 Nh5 5. Bd3 Nxf4 6. exf4 c5 7. c4 Nc6 8.
cxd5 exd5 9. Qe2+ Be7 10. dxc5 O-O 11. O-O Bg4 12. h3 Bxf3 13. Qxf3 Bf6 14. Nc3
Nb4 15. Bb1 Na6 16. Rd1 Nc7 17. Bc2 Bxc3 18. Qxc3 Qh4 19. Qd3 Rad8 20. f5 d4
21. Re1 Rfe8 22. Qf3 Nd5 23. Qxd5 Re3 24. Qxb7 Rxe1+ 25. Rxe1 1-0

[Event "Mechanics' Spring TNM; 30/90, SD/30"]
[Site "San Francisco"]
[Date "2013.05.07"]
[Round "8.11"]
[White "Persidsky, Andre"]
[Black "Morton, Adam"]
[Result "1-0"]
[WhiteElo "1826"]
[BlackElo "2010"]
[PlyCount "61"]
[EventDate "2013.??.??"]

1. d4 d5 2. Nf3 Nf6 3. e3 e6 4. c4 c6 5. Nc3 Nbd7 6. Bd3 dxc4 7. Bxc4 b5 8. Bd3
Bb7 9. O-O a6 10. a3 c5 11. dxc5 Nxc5 12. Bc2 Qc7 13. Qe2 Nce4 14. Nxe4 Nxe4
15. Nd4 Bd6 16. f4 Rc8 17. Bb3 O-O 18. Bd2 Qe7 19. Ba5 Nc5 20. Bc2 Bd5 21. e4
Bc4 22. Qh5 g6 23. Qh6 Bxf1 24. Bc3 e5 25. fxe5 Bxe5 26. Rxf1 $19 Bg7 $3 27.
Nf5 (27. Qxg7+ Kxg7 28. Nf5+ Kg8 29. Nh6#) 27... Bxc3 28. Nxe7+ Kh8 29. Nxc8
Bd4+ 30. Kh1 Rxc8 31. Rxf7 1-0

[Event "Mechanics' Spring TNM; 30/90, SD/30"]
[Site "San Francisco"]
[Date "2013.03.26"]
[Round "2.15"]
[White "Persidsky, Andre"]
[Black "Wong, Russell"]
[Result "0-1"]
[WhiteElo "1826"]
[BlackElo "2200"]
[PlyCount "97"]
[EventDate "2013.??.??"]

1. d4 Nf6 2. c4 c5 3. e3 e6 4. Nf3 b6 5. Nc3 Bb7 6. Bd3 Nc6 7. O-O d6 8. Qe2
Be7 9. b3 O-O 10. Bb2 cxd4 11. exd4 d5 12. Rad1 a6 13. cxd5 Nxd5 14. Nxd5 exd5
15. Rc1 Re8 16. Rfe1 Qd7 17. Qd1 Bb4 18. Rxe8+ Rxe8 19. Qc2 g6 20. a3 Bd6 21.
h4 Bf4 22. Rd1 Rc8 23. Qe2 Re8 24. Qf1 b5 25. a4 bxa4 26. bxa4 Nb4 27. a5 Qc7
28. Ra1 Bc8 29. Be2 Qc2 30. Ba3 Rxe2 31. Bxb4 Bg4 32. Re1 Bxf3 33. gxf3 Rxe1
34. Qxe1 Qc1 35. Kg2 Qxe1 36. Bxe1 h5 37. Kh3 Kf8 38. Kg2 Ke7 39. Kf1 Kd7 40.
Ke2 Kc6 41. Bc3 Kb5 42. Kd3 Ka4 43. Be1 Kb3 44. Bc3 Bc7 45. Bd2 Bd8 46. Ke3
Bxh4 47. Kf4 Bf6 48. Ke3 Kc4 49. f4 {and B won in a few more moves} 0-1

[Event "Mechanics' Winter TNM; 30/90, SD/30"]
[Site "San Francisco"]
[Date "2013.01.15"]
[Round "2.36"]
[White "Poler, Sebastian"]
[Black "James, Charles"]
[Result "0-1"]
[WhiteElo "893"]
[BlackElo "1559"]
[PlyCount "56"]
[EventDate "2013.??.??"]

1. d4 f5 2. c4 Nf6 3. Nc3 g6 4. Bg5 Bg7 5. Qd2 h6 6. Bf4 d6 7. h4 c6 8. Nf3 Qa5
9. e3 Nbd7 10. a3 c5 11. Be2 a6 12. O-O O-O 13. Rab1 Qc7 14. Bd3 e5 15. Bg3 e4
16. Be2 exf3 17. Bxf3 Nb6 18. Qd3 cxd4 19. Nd5 Nbxd5 20. cxd5 dxe3 21. Qxe3 Bd7
22. Rbc1 Qb8 23. Bf4 Re8 24. Qb6 Ne4 25. Bxe4 Rxe4 26. Bxd6 Qe8 27. Qxb7 Re2
28. Rc7 Rxb2 {and Black won in 58 moves.} 0-1

[Event "Mechanics' Winter TNM; 30/90, SD/30"]
[Site "San Francisco"]
[Date "2013.02.05"]
[Round "5.39"]
[White "Poler, Sebastian"]
[Black "Niemann, Hans"]
[Result "0-1"]
[WhiteElo "893"]
[BlackElo "1172"]
[PlyCount "33"]
[EventDate "2013.??.??"]

1. d4 Nf6 2. c4 g6 3. Nc3 Bg7 4. e4 d6 5. Nf3 Nbd7 6. Be2 b6 7. O-O Bb7 8. Bd3
c5 9. d5 e5 10. Bg5 O-O 11. Qd2 Qc8 12. Bh6 Re8 13. Bxg7 Kxg7 14. Ne2 a5 15.
Ng3 h5 16. Qg5 Kh8 17. Qh6+ {remainder illegible} 0-1

[Event "Mechanics' Winter TNM; 30/90, SD/30"]
[Site "San Francisco"]
[Date "2013.02.12"]
[Round "6.38"]
[White "Poler, Sebastian"]
[Black "Otterbach, Renate"]
[Result "1-0"]
[WhiteElo "893"]
[BlackElo "1532"]
[PlyCount "48"]
[EventDate "2013.??.??"]

1. d4 d5 2. c4 e6 3. Nc3 Bb4 4. a3 Bxc3+ 5. bxc3 Ne7 6. Nf3 c6 7. e3 Qa5 8. Bd2
c5 9. cxd5 exd5 10. Qc2 Qc7 11. Bd3 h6 12. O-O Nd7 13. e4 dxe4 14. Bxe4 Nf6 15.
Ne5 -- 16. Rfe1 Bd7 17. Bf3 O-O-O 18. Nxf7 Bc6 19. Nxd8 Bxf3 20. gxf3 Qxd8 21.
Qb3 Qc7 22. Rab1 b6 23. a4 c4 24. Qb4 Nd7 {remainder illegible} 1-0

[Event "Mechanics' Summer TNM; 30/90, SD/30"]
[Site "San Francisco"]
[Date "2013.07.09"]
[Round "7.18"]
[White "Poling, Scott"]
[Black "Abraham, Renjish"]
[Result "1/2-1/2"]
[WhiteElo "1734"]
[BlackElo "1878"]
[Annotator "Donaldson"]
[PlyCount "74"]
[EventDate "2013.??.??"]

1. e4 c5 2. d4 cxd4 3. c3 dxc3 4. Nxc3 Nc6 5. Nf3 e6 6. Bc4 Be7 7. O-O d6 8.
Qe2 a6 9. Rd1 Qc7 10. Bf4 Ne5 11. Bb3 Nf6 12. Rac1 Qb8 13. Be3 Nxf3+ 14. Qxf3
O-O 15. Na4 $1 Nd7 16. Nb6 Nxb6 17. Bxb6 Bd8 18. Qe3 (18. Bd4 g6 19. Rd3) 18...
Bd7 19. e5 $6 (19. Bd4) (19. Bc5) 19... Bxb6 20. Qxb6 d5 21. Qd4 Bc6 22. Rc3 f6
23. f4 fxe5 24. fxe5 Rf5 (24... Qa7) 25. Bc2 Rxe5 26. Qh4 g6 27. Qf6 Qc7 28.
Rg3 Rf8 29. Qh4 Be8 30. Rc3 Qg7 31. Rc8 Rh5 32. Qb4 Qe5 33. h3 Qe3+ 34. Kh2
Qe5+ $2 (34... Rxh3+ $1 35. gxh3 Rf2+ 36. Kg1 Qg3+ 37. Kh1 Qh2#) 35. Kg1 b5 $2
36. Qe7 Qe3+ 37. Kh1 Rxh3+ 1/2-1/2

[Event "Mechanics' Summer TNM; 30/90, SD/30"]
[Site "San Francisco"]
[Date "2013.06.04"]
[Round "2.29"]
[White "Poling, Scott"]
[Black "Chea, Na"]
[Result "1-0"]
[WhiteElo "1734"]
[BlackElo "1428"]
[PlyCount "73"]
[EventDate "2013.??.??"]

1. e4 c5 2. d4 cxd4 3. c3 dxc3 4. Nxc3 Nc6 5. Nf3 d6 6. Bc4 a6 7. O-O Nf6 8.
Qe2 g6 9. Rd1 Bg7 10. e5 Ng4 11. exd6 O-O 12. dxe7 Qxe7 13. Qxe7 Nxe7 14. Bg5
Nc6 15. Nd5 b5 16. Bb3 Bxb2 17. Rab1 Bg7 18. Rbc1 Bb7 19. Rxc6 Bxc6 20. Ne7+
Kh8 21. Nxc6 Rac8 22. Nfd4 f6 23. Bc1 Ne5 24. Nxe5 fxe5 25. Ne6 Rfe8 26. Nxg7
Kxg7 27. Bb2 Kh6 28. Bc1+ g5 29. h4 Kg6 30. Rd6+ Kf5 31. Bxg5 e4 32. Rxa6 Rc7
33. Rb6 Rc5 34. Be3 Rce5 35. Bd4 R5e7 36. Rxb5+ Kg4 37. Bd1+ 1-0

[Event "Mechanics' Winter TNM; 30/90, SD/30"]
[Site "San Francisco"]
[Date "2013.01.22"]
[Round "3.33"]
[White "Poling, Scott"]
[Black "Frank, Robert"]
[Result "1-0"]
[WhiteElo "1748"]
[BlackElo "1264"]
[PlyCount "85"]
[EventDate "2013.??.??"]

1. e4 e5 2. Nf3 Nf6 3. Nxe5 d6 4. Nxf7 Kxf7 5. d4 Be7 6. Nc3 Ke8 7. Bc4 c6 8.
Bb3 b5 9. a3 Bg4 10. f3 Bh5 11. O-O Bf7 12. Qe2 Bxb3 13. cxb3 Qb6 14. Be3 Nfd7
15. d5 c5 16. Nxb5 a6 17. Nc3 Qxb3 18. e5 Nxe5 19. Bxc5 Kd7 20. Bb4 Qc4 21. Qc2
a5 22. Qa4+ Kc8 23. Rac1 Kb7 24. Nb5 axb4 25. Qd1 Qxb5 26. f4 Nc4 27. Qe2 Qb6+
28. Kh1 Ne3 29. Rf3 Nf5 30. Rb3 Qd8 31. Rxb4+ Qb6 32. Qc4 Bd8 33. Qc8+ Ka7 34.
Rxb6 Kxb6 35. Qxf5 Bf6 36. Qe6 Rd8 37. Qe3+ Kb7 38. Qb3+ Ka7 39. Rc7+ Ka6 40.
Qb7+ Ka5 41. Qxa8+ Na6 42. b4+ Ka4 43. Qxa6+ 1-0